Biblioteca y Centro de Documentación

Rendimiento hospitalario y benchmarking (Registro nro. 49376)

Detalles MARC
000 -CABECERA
Longitud fija campo de control 01119naa a2200301 c 4500
001 - NÚMERO DE CONTROL
Número de control 49376
003 - IDENTIFICADOR DE NÚMERO DE CONTROL
Identificador del número de control ES-MaCES
005 - FECHA Y HORA DE LA ÚLTIMA TRANSACCIÓN
Fecha y hora de la última transacción 20170509122048.0
008 - CAMPO FIJO DE DESCRIPCIÓN FIJA--INFORMACIÓN GENERAL
Códigos de información de longitud fija   170509s2016 sp ||||| t||||||| ||spa d
040 ## - FUENTE DE CATALOGACIÓN
Centro catalogador de origen ES-MaCES
Lengua de catalogación spa
Centro transcriptor ES-MaCES
Centro modificado ES-MaCES
100 1# - ENCABEZAMIENTO PRINCIPAL--NOMBRE PERSONAL
9 (RLIN) 17956
Nombre de persona Martín Hernández, Juan Carlos
245 10 - MENCIÓN DE TÍTULO
Título Rendimiento hospitalario y benchmarking
Mención de responsabilidad, etc. Juan Carlos Martín, Mª Isabel Ortega-Díaz
500 ## - NOTA GENERAL
Nota general Resumen
504 ## - NOTA DE BIBLIOGRAFÍA, ETC.
Nota de bibliografía, etc. Bibliografía: p. 49-51
650 #4 - ASIENTO SECUNDARIO DE MATERIA--TÉRMINO DE MATERIA
9 (RLIN) 27059
Término de materia o nombre geográfico como elemento inicial hospital
650 #4 - ASIENTO SECUNDARIO DE MATERIA--TÉRMINO DE MATERIA
9 (RLIN) 30673
Término de materia o nombre geográfico como elemento inicial atención hospitalaria
650 #4 - ASIENTO SECUNDARIO DE MATERIA--TÉRMINO DE MATERIA
9 (RLIN) 27058
Término de materia o nombre geográfico como elemento inicial servicio de salud
650 #4 - ASIENTO SECUNDARIO DE MATERIA--TÉRMINO DE MATERIA
9 (RLIN) 30272
Término de materia o nombre geográfico como elemento inicial asistencia médica
650 #4 - ASIENTO SECUNDARIO DE MATERIA--TÉRMINO DE MATERIA
9 (RLIN) 28894
Término de materia o nombre geográfico como elemento inicial técnica de evaluación
650 #4 - ASIENTO SECUNDARIO DE MATERIA--TÉRMINO DE MATERIA
9 (RLIN) 28254
Término de materia o nombre geográfico como elemento inicial norma de calidad
650 #4 - ASIENTO SECUNDARIO DE MATERIA--TÉRMINO DE MATERIA
9 (RLIN) 28258
Término de materia o nombre geográfico como elemento inicial eficiencia
650 #4 - ASIENTO SECUNDARIO DE MATERIA--TÉRMINO DE MATERIA
9 (RLIN) 29536
Término de materia o nombre geográfico como elemento inicial método estadístico
653 10 - TÉRMINO DE INDEXACIÓN--NO CONTROLADO
Término no controlado Salud
700 1# - ENCABEZAMIENTO SECUNDARIO--NOMBRE PERSONAL
9 (RLIN) 38184
Nombre de persona Ortega Díaz, María Isabel
773 0# - ENTRADA DE DOCUMENTO FUENTE
Itemnumber del ítem fuente 85690
Lugar, editor y fecha de publicación Zaragoza [Universidad], D.E.E. y E.P. 1993-
Otro identificador del documento 088588
Título Revista de economía aplicada
Número de control del registro relacionado (ES-MaCES)25282
Parte(s) relacionada(s) vol. 24, n. 70 (primavera 2016) {10269 R. 088588} ;p. 27-51
902 ## - CES. TIPO DE DOCUMENTO
Tipodoc (006$c Sirtex) ART Artículo de revista
942 ## - ELEMENTOS KOHA
Fuente de clasificaión o esquema Clasificación propia del CES
Koha [por defecto] tipo de item Artículos (1982-2017)
Parte de clasificación Salud

No hay ítems disponibles.

© CES, Consejo Económico y Social de España 2021